| 000 | 00686nam a2200205 i 4500 | ||
|---|---|---|---|
| 001 | 130199 | ||
| 003 | ES-MaACL | ||
| 005 | 20251002204723.0 | ||
| 007 | t| | ||
| 008 | 070723s1931 be ||||1| fre d | ||
| 100 | 1 |
_aZweig, Stefan, _d1881-1942 _9118562 |
|
| 245 | 1 | 0 |
_aSouvenirs sur Emile Verhaeren / _cStefan Zweig ; traduit de l'allemand par Hendrick Coopman ; avant-propos de Franz Hellens. |
| 260 |
_aBruxelles : _bL. J. Kryn, _c1931. |
||
| 300 |
_a156 p., 4 lám. ; _c20 cm. |
||
| 600 | 1 | 4 |
_aVerhaeren, Emile, _d1855-1916 _9114123 |
| 700 | 1 |
_aCoopman, Hendrik. _940398 |
|
| 700 | 1 |
_aHellens, Franz. _962435 |
|
| 852 |
_aES-MaACL _jA-2390 |
||
| 999 |
_c130199 _d130199 |
||